Young Adult Book Titles Match-Up: 2000 - 2009 Quiz Stats

 Plays Quiz Updated Dec 8, 2018

     
Support Sporcle.
Go Orange.
Score 0/40 Timer 06:00
2 Plays Today
% Correct
Harry Potter and the
95.5%
The Hunger
92.8%
The Boy in
87.4%
The Maze
87%
I'd Tell You I Love You,
86.9%
The Sisterhood
85.1%
Pretty
84.2%
Thirteen
81.1%
Artemis
79.5%
The Princess
77.3%
Nick and Norah's
70.4%
The Summer I
70.2%
Hush,
68.1%
The Book
67.2%
It's Kind of
63.9%
Life As
61.1%
Vampire
60.2%
If I
58.9%
City of
58.9%
The Sea
57.6%
% Correct
A Great and
56.6%
The Amber
55.3%
Looking for
55%
The Truth
54.2%
New
53.5%
Beautiful
52.4%
When You
51.5%
Blue
49.8%
The Disreputable History of
48.8%
13 Little
47.1%
Just
45%
Book of a
43.5%
American Born
40.5%
The Adoration of
39%
On the
32.9%
Perfect
30.5%
The House of
30%
The Angel
27.3%
The Forest of
25.5%
The Knife of
24.5%

From the Vault

Big 4 Teams Mix

by Scimitar_2002

Sports 6m
Just kinda put them all into a blender and make a new sport.
Remove Ads.
Support Sporcle.
Get the best of Sporcle when you Go Orange. This ad-free experience offers more features, more stats, and more fun while also helping to support Sporcle. Thank you for becoming a member.

Show Comments

Extras

Top Quizzes Today


Score Distribution

Your Account Isn't Verified!

In order to create a playlist on Sporcle, you need to verify the email address you used during registration. Go to your Sporcle Settings to finish the process.

Report this User

Report this user for behavior that violates our Community Guidelines.

Details: